Normal view
MARC view
- PERSONNEL MANAGEMENT-EVALUTION
Entry Topical Term
001 - CONTROL NUMBER
- control field: 65766
003 - CONTROL NUMBER IDENTIFIER
- control field: NUST
005 - DATE AND TIME OF LATEST TRANSACTION
- control field: 20210628203503.0
008 - FIXED-LENGTH DATA ELEMENTS
- fixed length control field: 210628|| aca||aabn | a|a d
040 ## - CATALOGING SOURCE
- Original cataloging agency: NUST
- Transcribing agency: NUST
150 ## - HEADING--TOPICAL TERM
- Topical term or geographic name entry element: PERSONNEL MANAGEMENT-EVALUTION
670 ## - SOURCE DATA FOUND
- Source citation: Work cat.: (NUST): Edwards Jack E., Edwards, Jack.E, Scott John C. 65765, Evaluating human resources programs, a 6-phase approach for optimizing performance, 2007
